000 00416nam a2200157Ia 4500
008 151213s9999 xx 000 0 und d
100 _aEdited, R. L. Brett, AR. Jons
245 _aLyrical Ballads
_cEdited, R. L. Brett, AR. Jons
250 _a1st
260 _aLondon
_bMetuen Com.
_c1963
300 _a4325 p.
650 _aEnglish
650 _aPoetry
700 _aEdited, R. L. Brett, AR. Jons
999 _c2739
_d2739